00266nas a2200097Ia 4500008004100000245004400041260000900085310001600094500001800110650004000128150201s2012 xx 000 0 und d aMedical clinics of North America (MCNA) c2012 aBio-Monthly aINTERNATIONAL aOther Clinical & Non Clinical Books